LEADER 01208nam 2200421 450 001 990000759280203316 010 $a88-04-34556-X 035 $a0075928 035 $aUSA010075928 035 $a(ALEPH)000075928USA01 035 $a0075928 100 $a20011121d1993----km-y0itay0103----ba 101 $aita 102 $aIT 105 $a||||||||001yy 200 1 $a<> bambino$el'attesa e la nascita$fSheila Kitzinger$gfotografie di Camilla Jessel e Nancy Durrell McKenna 205 $a3. ed. 210 $aMilano$cA. Mondadori$d1993 215 $a400 p$cill.$d24 cm 312 $aPregnancy and childbirth 410 $12001 454 $12001$aPregnancy and childbirth$938570 606 0 $aGravidanza 606 0 $aParto 676 $a618.2 700 1$aKITZINGER,$bSheila$0550045 702 1$aJESSEL,$bCamilla 702 1$aMCKENNA,$bNancy Durrell 801 0$aIT$bsalbc$gISBD 912 $a990000759280203316 951 $aVI B 351$b112322 LM$cVI B 959 $aBK 969 $aUMA 979 $aPATTY$b90$c20011121$lUSA01$h1507 979 $c20020403$lUSA01$h1723 979 $aPATRY$b90$c20040406$lUSA01$h1652 996 $aPregnancy and childbirth$938570 997 $aUNISA